| 000 | 00778nam a2200265 i 4500 | ||
|---|---|---|---|
| 001 | 47810 | ||
| 003 | ES-MaACL | ||
| 005 | 20250830085955.0 | ||
| 007 | t| | ||
| 008 | 021125s2002 sp |||| | spa d | ||
| 020 | _a84-306-0484-7 | ||
| 080 | _a323.285(73)"2001" | ||
| 080 | _a17.037 | ||
| 100 | 1 |
_aGlucksmann, André. _957460 |
|
| 245 | 1 | 0 |
_aDostoievski en Manhattan / _cAndré Glucksmann ; traducción de María Cordón. |
| 250 | _a2ª ed. | ||
| 260 |
_a[Madrid] : _bTaurus, _c2002. |
||
| 300 |
_a260 p. ; _c24 cm. |
||
| 490 | 1 | _aPensamiento | |
| 650 | 1 | 7 |
_aAtentados del 11 de septiembre, Estados Unidos, 2001 _2embne _910401 |
| 650 | 1 | 4 |
_aNihilismo (Filosofía) _915540 |
| 830 | 0 |
_aPensamiento _9178722 |
|
| 852 |
_aES-MaACL _jL-26390 |
||
| 999 |
_c47810 _d47810 |
||